| 000 | 00616nam a2200217 u 4500 | ||
|---|---|---|---|
| 005 | 20240228064209.0 | ||
| 008 | 150305s2011 r 000 0 eng d | ||
| 020 | _a9788444163819 | ||
| 035 | _aUPN01000202319 | ||
| 049 | _aI | ||
| 050 | 4 |
_aPZ7 _bH6.42 |
|
| 245 | 0 | 0 | _aHojas de otoño. |
| 260 |
_aMadrid : _bEverest, _c2011. |
||
| 300 |
_a[32] p. : _bil. col. |
||
| 440 | 0 | _aNouky & sus amigos | |
| 534 |
_pTítulo original : _tAutumn Leaves |
||
| 650 | 4 |
_aLibros y lectura para niños _92290 |
|
| 650 | 0 |
_aAmistad en la literatura _910763 |
|
| 650 | 0 |
_aLiteratura infantil inglesa _911046 |
|
| 905 | _aInfantil | ||
| 999 |
_c174420 _d174420 |
||